000 00521 a2200181 4500
020 _a9788434809802 (pbk.)
020 _a843480980X (pbk.)
041 _aspa
100 _aEscudie, Rene
245 _aGran-Lobo-Salvaje / Rene Escudie; [traduccion, Manuel Barbadillo; ilustraciones, Patrice Douenat]
260 _a Madrid SM 1993.
300 _a 123 p. il. color .
_c19 cm
440 _aBarco de vapor., Serie azul ; 7
700 1 0 _aBarbadillo, Manuel
700 1 0 _aDouenat, Patrice
942 _cBK
952 _71
999 _c21079
_d21079